Sports Quiz

Random Sports or College Quiz

Schools of Individual NCAA Men's Tennis Champions Quiz Stats

 Plays Quiz not verified by Sporcle

Support Sporcle.
Go Orange.
Score 0/27 Timer 06:00
1 Play Today
First and Last Year Won School % Correct
1950, 2016 (11)UCLA
95.7%
1946, 2012 (14)USC
93.8%
1984, 2002 (4)Georgia
90.1%
1994, 1999 (2)Florida
88.8%
1973, 2010 (11)Stanford
88.2%
1979, 1990 (2)Texas
88.2%
2013 (1)The Ohio State University
78.3%
1957, 1982 (2)Michigan
75.2%
1995 (1)Arizona State
72.7%
1987 (1)Miami (Florida)
71.4%
1989 (1)LSU
70.8%
2007, 2017 (4)Virginia
70.8%
1993 (1)Tennessee
69.6%
2003 (1)Illinois
67.7%
First and Last Year Won School % Correct
2019 (1)South Carolina
58.8%
2004, 2005 (2)Baylor
55.9%
1983 (1)Utah
49.1%
2018 (1)Wake Forest
47.1%
2009 (1)Mississippi
46.6%
1997 (1)UNLV
44.7%
1988 (1)Pepperdine
36.6%
1949, 1955 (4)Tulane
26.1%
1951 (1)Cincinnati
25.5%
1948 (1)San Francisco
19.9%
1959 (1)San Jose State
18%
1972, 1976 (2)Trinity (Texas)
13%
1947 (1)William & Mary
6.2%

You're not logged in!

Compare scores with friends on all Sporcle quizzes.
OR
Log In

From the Vault

Pixar Movies by Concept Art

by needsomesleep

A bunch of computer-animated talking toys? I bet that concept will never take off...
Remove Ads.
Support Sporcle.
Get the best of Sporcle when you Go Orange. This ad-free experience offers more features, more stats, and more fun while also helping to support Sporcle. Thank you for becoming a member.

Show Comments

Extras

Top Quizzes Today


Score Distribution

Your Account Isn't Verified!

In order to create a playlist on Sporcle, you need to verify the email address you used during registration. Go to your Sporcle Settings to finish the process.

Report this User

Report this user for behavior that violates our Community Guidelines.

Details: